[Event "FRA-ch opA U18"]
[Site "Calvi"]
[Date "2005.04.??"]
[Round "4"]
[White "Andre, Pier Gil"]
[Black "Legoupil, Benoit"]
[Result "1/2-1/2"]
[WhiteElo "1800"]
[BlackElo "1680"]
[PlyCount "69"]
[EventDate "2005.04.??"]
[EventType "swiss"]
[EventRounds "9"]
[EventCountry "FRA"]
[SourceTitle "EXT 2006"]
[Source "ChessBase"]
[SourceDate "2005.11.24"]
[SourceVersion "1"]
[SourceVersionDate "2005.11.24"]
[SourceQuality "1"]

1. e4 e5 2. f4 exf4 3. Nf3 g5 4. h4 g4 5. Ne5 h5 6. Bc4 Nh6 7. d4 d6 8. Nd3 Qe7 9. Nc3 Bf5 10. Nd5 Qxe4+ 11. Qe2 Qxe2+ 12. Kxe2 Bxd3+ 13. Kxd3 Kd8 14. Bxf4 c6 15. Bg5+ Kc8 16. Nf6 d5 17. Bb3 Nd7 18. Nxd7 Kxd7 19. c4 dxc4+ 20. Bxc4 f5 21. d5 Be7 22. dxc6+ bxc6 23. Be6+ Kd6 24. Bxe7+ Kxe7 25. Rhe1 Rad8+ 26. Kc3 Kf6 27. g3 Rhe8 28. Bc4 Nf7 29. Bxf7 Kxf7 30. Rxe8 Rxe8 31. Kd3 Re6 32. Rc1 Kf6 33. Rc5 Rd6+ 34. Ke3 Re6+ 35. Kd3 1/2-1/2

[Event "FRA-ch opA U18"]
[Site "Calvi"]
[Date "2005.04.??"]
[Round "8"]
[White "Andre, Pier Gil"]
[Black "Roth, Antoine"]
[Result "0-1"]
[WhiteElo "1800"]
[BlackElo "1700"]
[PlyCount "52"]
[EventDate "2005.04.??"]
[EventType "swiss"]
[EventRounds "9"]
[EventCountry "FRA"]
[SourceTitle "EXT 2006"]
[Source "ChessBase"]
[SourceDate "2005.11.24"]
[SourceVersion "1"]
[SourceVersionDate "2005.11.24"]
[SourceQuality "1"]

1. e4 c6 2. d4 d5 3. e5 Bf5 4. Nc3 e6 5. g4 Bg6 6. Nge2 c5 7. h4 h5 8. Nf4 Nc6 9. Nxg6 fxg6 10. Bg5 Qd7 11. Bd3 Qf7 12. gxh5 gxh5 13. Bb5 Be7 14. Bxe7 Ngxe7 15. dxc5 a6 16. Bxc6+ Nxc6 17. Qe2 Nd4 18. Qd3 Nf3+ 19. Ke2 Nxe5 20. Qg3 Qf5 21. Rac1 Rf8 22. Rh3 Ng6 23. Rh2 d4 24. Na4 Qe4+ 25. Kd2 Ne5 26. Rg2 Nf3+ 0-1